Voormalige Nederlandse koloniën - Sudden Death - Statistieken

Algemene statistieken
  • Deze quiz is 215 keer genomen
  • De gemiddelde score is 7 van 15
Answers on the Grid
Answers color-coded by a green-red scale on the quiz's grid according to % correct below.
Algerije
Brazilië
Canada
Chili
Cyprus
Ecuador
Egypte
Ghana
India
Indonesië
Maleisië
Marokko
Mexico
Mozambique
Pakistan
République démocratique du Congo
Suriname
Syrië
Taiwan
Thailand
Tsjaad
Verenigde Staten
Zambia
Zuid-Afrika
Zuid-Korea
Zweden
 
Antwoordstatistieken
Antwoord % Correct
Indonesië
91%
Zuid-Afrika
84%
Suriname
82%
Verenigde Staten
73%
India
53%
Brazilië
47%
Maleisië
45%
Canada
42%
Ghana
35%
Taiwan
33%
Thailand
24%
Marokko
18%
Mozambique
14%
République démocratique du Congo
14%
Chili
7%
Geen overeenkomende quizzen gevonden
Scoreverdeling
Procent van Mensen met Elke Score
Percentiel versus Aantal Correcte Antwoorden
Uw Scoregeschiedenis
U heeft deze quiz nog niet genomen